000 00835nam a2200253 a 4500
001 BRCA_7631
005 20190320205924.0
008 090713s1955----enka######---#000-0#eng-#
041 _aeng
044 _aenk
050 4 _aND456
_b.E97 1955
245 1 0 _aEuropean masters of the eighteenth century
_b[exhibition] at the Royal Academy of Arts, London 1954-5
_cintroduction by Gerard Kelly.
260 _aLondres
_bRoyal Academy of Arts
_c1955
300 _a1 v. (sin paginación)
_bil., 61 láminas
_c23 cm.
440 0 _aThree Shillings and Sixpence
_918824
500 _aT46
650 1 4 _aPintores europeos
_93990
650 1 4 _aGalerías y museos
_zInglaterra
_918825
650 1 4 _aPintura
_xHistoria
_918826
650 1 4 _aPintura
_vExposiciones
_913980
700 1 _aKelly, Gerard
_eintr.
_918827
902 _aGFM
942 _2lcc
_cB
999 _c7305
_d7305